|
|
|
|
| LEADER |
00000nam0a2200000 4500 |
| 001 |
265800 |
| 005 |
20231101233942.0 |
| 020 |
|
|
|a RU
|b 86-74636
|
| 035 |
|
|
|a (RuTPU)RU\TPU\book\288802
|
| 090 |
|
|
|a 265800
|
| 100 |
|
|
|a 20140630d1986 k a0rusy5003 ca
|
| 101 |
0 |
|
|a rus
|
| 102 |
|
|
|a KZ
|
| 105 |
|
|
|a a z 001zy
|
| 200 |
1 |
|
|a Геохимические особенности и характеристика рудных ассоциаций месторождений Казахстана
|e межвузовский сборник научных трудов
|f Казахский политехнический институт (КазПТИ) ; под ред. Ш. Е. Есенова
|
| 210 |
|
|
|a Алма-Ата
|c Изд-во КазПИ
|d 1986
|
| 215 |
|
|
|a 106 с.
|c ил.
|
| 320 |
|
|
|a Библиогр. в конце ст.
|
| 606 |
1 |
|
|a Рудные месторождения
|x Структура
|2 stltpush
|3 (RuTPU)RU\TPU\subj\25977
|9 50005
|
| 610 |
1 |
|
|a геология
|
| 610 |
1 |
|
|a геологические формации
|
| 610 |
1 |
|
|a Казахстан
|
| 610 |
1 |
|
|a геохимия
|
| 610 |
1 |
|
|a металлогения
|
| 610 |
1 |
|
|a вещественный состав
|
| 610 |
1 |
|
|a структура
|
| 610 |
1 |
|
|a месторождения
|
| 675 |
|
|
|a 553.21/24
|z rus
|
| 702 |
|
1 |
|a Есенов
|b Ш. Е.
|4 340
|
| 712 |
0 |
2 |
|a Казахский политехнический институт (КазПТИ)
|c (1960-1994)
|c (Алма-Ата)
|2 stltpush
|3 (RuTPU)RU\TPU\col\316
|
| 801 |
|
0 |
|a RU
|b RuMRKP
|c 19950704
|g psbo
|
| 801 |
|
1 |
|a RU
|b 63413507
|c 20140630
|
| 801 |
|
2 |
|a RU
|b 63413507
|c 20160127
|g RCR
|
| 942 |
|
|
|c BK
|